প্রোগ্রামিং ছাড়াই মোবাইল এপস্ তৈরি / (Record no. 12118)
[ view plain ]
| 000 -LEADER | |
|---|---|
| fixed length control field | 00836nam a2200229 a 4500 |
| 001 - CONTROL NUMBER | |
| JCCL Control Number | 12118 |
| 003 - CONTROL NUMBER IDENTIFIER | |
| JCCL marc code | BD-JhCC |
| 005 - DATE AND TIME OF LATEST TRANSACTION | |
| control field | 20221201134023.0 |
| 008 - FIXED-LENGTH DATA ELEMENTS--GENERAL INFORMATION | |
| fixed length control field | 210315b2016 bg a|||| ||a| 000 0 mul d |
| 020 ## - INTERNATIONAL STANDARD BOOK NUMBER | |
| International Standard Book Number | 9789849181644 |
| 035 ## - SYSTEM CONTROL NUMBER | |
| system control number | (BD-JhCC)12118 |
| 040 ## - CATALOGING SOURCE | |
| Original cataloging agency | BD-JhCC |
| Modifying agency | BD-JhCC |
| 041 ## - LANGUAGE CODE | |
| Language code of Book | mul |
| 082 ## - DEWEY DECIMAL CLASSIFICATION NUMBER | |
| Classification number | 006.76 |
| Author mark and Year | AHM 2016 |
| 100 ## - MAIN ENTRY--PERSONAL NAME | |
| Personal name | আহমেদ,রাজিব |
| 245 ## - TITLE STATEMENT | |
| Title | প্রোগ্রামিং ছাড়াই মোবাইল এপস্ তৈরি / |
| Statement of responsibility, etc | রাজিব আহমেদ । |
| 260 ## - PUBLICATION, DISTRIBUTION, ETC. (IMPRINT) | |
| Place of publication, distribution, etc | ঢাকা: |
| Name of publisher, distributor, etc | সহায়ক সিডি অন্তর্ভূক্ত ; |
| Date of publication, distribution, etc | ২০১৬. |
| 300 ## - PHYSICAL DESCRIPTION | |
| Pagination | 207 p. : |
| Other physical details | ill; |
| Dimensions | 24 cm. |
| 651 ## - SUBJECT ADDED ENTRY--GEOGRAPHIC NAME | |
| Geographic name | Application software--Development |
| General subdivision | JavaScript (Mobile program language) |
| Geographic subdivision | Web site development |
| 942 ## - ADDED ENTRY ELEMENTS (KOHA) | |
| Source of classification or shelving scheme | Dewey Decimal Classification |
| Koha item type | Books |
| Koha issues (borrowed), all copies | 1 |
| Source of classification or shelving scheme | Damaged status | Not for loan | Home library | Current library | Shelving location | Date of accession | Source of acquisition | Cost, normal purchase price | Total Checkouts | Full call number | Barcode | Date last seen | Date checked out | Copy number | Koha item type |
|---|---|---|---|---|---|---|---|---|---|---|---|---|---|---|---|
| Dewey Decimal Classification | JCC Rouf Library | JCC Rouf Library | General Stacks | 03/15/2021 | Lt. Gen. Mahfuzur Rahman (10th intake) | 150.00 | 5 | 006.76 AHM 2016 | 16274 | 07/25/2024 | 07/04/2024 | C-1 | Books |